000 00262nam a22001217a 4500
008 180227b xxu||||| |||| 00| 0 eng d
041 _aeng
080 _a94
100 _a16
101 _ahis
245 _awestern civilazation
_cjackson.j.s
942 _2udc
_cBK
999 _c43553
_d43553